[Event "NLD-chT9495"]
[Site "?"]
[Date "1994.??.??"]
[Round "4"]
[White "Peek, Marcel"]
[Black "Nijboer, Friso"]
[Result "1/2-1/2"]
[WhiteElo "2300"]
[BlackElo "2530"]

1.d4 Nf6 2.c4 g6 3.Nc3 Bg7 4.e4 d6 5.Nf3 O-O 6.Be2 e5 7.O-O Nc6 8.d5 Ne7
9.Bg5 Nh5 10.Ne1 Nf4 11.Nd3 Nxe2+ 12.Qxe2 h6 13.Bd2 g5 14.g4 Ng6 15.f3 Bd7
16.Qf2 c5 17.dxc6 bxc6 18.Rfd1 Be6 19.b3 h5 20.h3 Nf4 21.Nxf4 exf4 22.Rac1 Be5
23.Ne2 c5 24.Bc3 f6 25.Rd3 Qe7 26.Rcd1 Rad8 27.Bxe5 fxe5 28.Nc3 Rd7 29.Kf1 hxg4
30.hxg4 Rf6 31.Ke2 Rh6 32.Rg1 Qd8 33.Kd1 Qb6 34.Qd2 Kf8 35.Rg2 Bg8 36.Rh2 Rxh2
37.Qxh2 Rh7 38.Qd2 Ke7 39.Kc2 Rh6 40.Qg2 Bf7 41.Rd1 Qd8 42.Rh1 Qh8 43.Rxh6 Qxh6
44.Ne2 Qh4 45.Kd1 Be8 46.Nc3 Bc6 47.Ke2 Kd7  1/2-1/2

[Event "NLD-sf"]
[Site "?"]
[Date "1994.??.??"]
[Round "3"]
[White "Hommeles, Theo"]
[Black "Hendriks, Willy"]
[Result "1/2-1/2"]
[WhiteElo "2240"]
[BlackElo "2370"]

1.d4 Nf6 2.c4 g6 3.Nc3 Bg7 4.e4 d6 5.Be2 O-O 6.Nf3 e5 7.O-O Nc6 8.d5 Ne7
9.Ne1 Nd7 10.Nd3 f5 11.Bd2 fxe4 12.Nxe4 Nf5 13.f3 Nf6 14.Ndf2 Nd4  1/2-1/2

[Event "NOR-ch"]
[Site "?"]
[Date "1994.??.??"]
[Round "7"]
[White "Grotnes, Nils"]
[Black "Dannevig, Oystein"]
[Result "1/2-1/2"]
[WhiteElo "2325"]
[BlackElo "2290"]

1.d4 Nf6 2.c4 g6 3.Nc3 Bg7 4.e4 d6 5.Be2 O-O 6.Nf3 e5 7.O-O Nc6 8.d5 Ne7
9.Ne1 Nd7 10.f3 f5 11.g4 Kh8 12.Be3 Ng8 13.Qd2 f4 14.Bf2 h5 15.h3 Bf6 16.Nd3 Rf7
17.Kg2 Bh4 18.Qe1 Bxf2 19.Qxf2 Rh7 20.Rh1 a5 21.c5 b6 22.cxd6 cxd6 23.b4 axb4
24.Nxb4 Qf6 25.Rhb1 Ne7 26.Nc6 Ba6 27.Bxa6 Rxa6 28.Nb5 Nc5 29.Rd1 Nc8 30.a4 Ra8
31.Ra3 hxg4 32.hxg4 Qg5 33.Rh1 Rxh1 34.Kxh1 Ne7 35.Nxd6 Kg7 36.Kg1 Rh8 37.Nxe7 Qxe7
38.Nc4 Rh3 39.Kf1 Nxe4 40.Qb2 Qc5 41.Qxe5+ Nf6 42.Qxf4 Rh1+ 43.Ke2 Nxd5 44.Qe5+ Kh7
45.Rd3 Qxc4 46.Qxd5 Qc2+ 47.Rd2 Rh2+ 48.Ke3 Qc3+ 49.Qd3 Qe5+ 50.Qe4 Qc3+
51.Qd3 Qe5+ 52.Qe4 Qg5+ 53.f4 Rh3+ 54.Kf2 Qh4+ 55.Kg1 Qxg4+ 56.Rg2 Qd1+ 57.Kf2 Qd2+
58.Kg1 Qc1+ 59.Kf2 Qd2+  1/2-1/2

[Event "NOR-chT east"]
[Site "NOR"]
[Date "1994.??.??"]
[Round "6"]
[White "Henriksen, Geir"]
[Black "Scholseth, Tor Kristian"]
[Result "1/2-1/2"]
[WhiteElo "2250"]
[BlackElo "2305"]

1.d4 Nf6 2.c4 g6 3.Nc3 Bg7 4.e4 d6 5.Be2 O-O 6.Nf3 e5 7.O-O Nc6 8.d5 Ne7
9.Ne1 Nd7 10.Nd3 f5 11.Bd2 Nf6 12.f3 h5 13.exf5 Nxf5 14.Nf2 c6 15.Nfe4 Nxe4
16.fxe4 Nd4 17.Rxf8+ Qxf8 18.Be3 Kh7 19.Qd2 Bh6 20.Rf1 Bxe3+ 21.Qxe3 Qe7
22.Bd1 Bd7 23.Qf2 Kg7 24.h4 Rf8 25.Qxf8+ Qxf8 26.Rxf8 Kxf8 27.Kf2 Ke7 28.Ke3 Kf6
29.g3 c5 30.Ba4 Bh3 31.Be8 Bf1 32.b3 Bh3 33.Nb5 Nxb5 34.Bxb5 Ke7 35.Ba4 Bf1
36.a3 a6 37.Kf2 Bd3 38.Ke3 Bc2 39.Kf3 Kd8 40.Ke3 Ke7 41.Kf3 Kf6 42.Ke3 g5
43.Bd7 Bxb3 44.Kd3 gxh4 45.gxh4 Ke7 46.Bc8 b5 47.cxb5 axb5 48.Kd2 b4 49.axb4 cxb4
50.Ba6 Ba4 51.Be2 Be8 52.Kc2 Ba4+ 53.Kb2 Be8 54.Kb3 Bg6 55.Bd3 Kd8 56.Kxb4 Kc7
57.Kc3 Kb6 58.Kd2 Kc5 59.Ke3 Kb6 60.Bf1 Kc5 61.Bh3 Kc4 62.Be6 Kc3 63.Bf5 Be8
64.Be6  1/2-1/2

[Event "SLO-ch"]
[Site "Nova Gorica"]
[Date "1994.??.??"]
[Round "?"]
[White "Jelen, Iztok"]
[Black "Riegler, Primoz"]
[Result "0-1"]
[WhiteElo "2400"]
[BlackElo "2250"]

1.d4 Nf6 2.c4 g6 3.Nc3 Bg7 4.e4 d6 5.Nf3 O-O 6.Be2 e5 7.O-O Nc6 8.Be3 Ng4
9.Bg5 f6 10.Bc1 Nh6 11.dxe5 dxe5 12.Qd5+ Kh8 13.Be3 Qe8 14.Rfd1 Be6 15.Qb5 Rb8
16.Qa4 a6 17.b4 Bg4 18.Rac1 f5 19.Bc5 Rg8 20.b5 Bxf3 21.Bxf3 Nd4 22.Nd5 fxe4
23.Bxd4 exf3 24.Ba7 Rc8 25.gxf3 Nf5 26.Qb3 Qe6 27.Qd3 Rgf8 28.Bc5 Rf7 29.Qe4 c6
30.Nb6 Re8 31.bxa6 bxa6 32.Rd3 Bf8 33.Na4 Qf6 34.Rcc3 Bxc5 35.Nxc5 Nd4 36.Rxd4 exd4  0-1

[Event "SLO-ch"]
[Site "Nova Gorica"]
[Date "1994.??.??"]
[Round "?"]
[White "Jelen, Iztok"]
[Black "Tratar, Marko"]
[Result "1/2-1/2"]
[WhiteElo "2400"]
[BlackElo "2365"]

1.d4 Nf6 2.c4 g6 3.Nc3 Bg7 4.e4 d6 5.Nf3 O-O 6.Be2 e5 7.O-O Nc6 8.Be3 Re8
9.dxe5 dxe5 10.h3 Be6 11.c5 Nh5 12.Ng5 Nf4 13.Nxe6 Nxe6 14.Bb5 Rf8 15.Bxc6 bxc6
16.Qa4 Qe8 17.Rad1 f5 18.exf5 gxf5 19.f3 Kh8 20.Kh1 Rg8 21.Rd2 Bf6 22.Qc4 Bg5
23.Bxg5 Rxg5 24.Qe2 Nf4 25.Qe3 Rg7 26.Re1 Re7  1/2-1/2

[Event "SLO-ch"]
[Site "Nova Gorica"]
[Date "1994.??.??"]
[Round "?"]
[White "Gostisa, Leon"]
[Black "Grosar, Kiti"]
[Result "1-0"]
[WhiteElo "2420"]
[BlackElo "2195"]

1.d4 Nf6 2.c4 g6 3.Nc3 Bg7 4.e4 d6 5.Nf3 O-O 6.Be2 e5 7.O-O Nc6 8.d5 Ne7
9.Bg5 h6 10.Bxf6 Bxf6 11.b4 a5 12.a3 Bg7 13.Qc2 f5 14.Bd3 b6 15.c5 f4 16.Rfc1 Bd7
17.Bb5 g5 18.h3 g4 19.hxg4 Bxg4 20.Be2 Ng6 21.Nb5 Rf7 22.cxd6 cxd6 23.Qd1 h5
24.Rc6 Bf8 25.Rac1 Bd7 26.Nxd6 Bxd6 27.Rxd6 Rg7 28.Bb5 Ra7 29.Rxd7 Raxd7
30.Bxd7 Qxd7 31.Qc2 Qe7 32.bxa5 bxa5 33.Qc5 Nh4 34.Qc8+ Kh7 35.Nxh4 Qxh4
36.Qf5+ Rg6 37.Rc7+ Kh6 38.Qf8+ Kg5 39.Qe7+ Kg4 40.Qxe5 Qf6 41.Qxf6 Rxf6
42.Rg7+ Kh4 43.Kh2  1-0

[Event "SLO-ch"]
[Site "Nova Gorica"]
[Date "1994.??.??"]
[Round "?"]
[White "Jelen, Igor"]
[Black "Grosar, Kiti"]
[Result "1-0"]
[WhiteElo "2385"]
[BlackElo "2195"]

1.d4 Nf6 2.c4 g6 3.Nc3 Bg7 4.e4 d6 5.Nf3 O-O 6.Be2 e5 7.O-O Nc6 8.Be3 Ng4
9.Bg5 f6 10.Bc1 f5 11.d5 Ne7 12.Ng5 Nf6 13.exf5 Nxf5 14.Nge4 Nxe4 15.Nxe4 Bh6
16.c5 Bxc1 17.Rxc1 Nd4 18.cxd6 cxd6 19.Qd2 Rf4 20.f3 b6 21.Rc3 a5 22.g3 Rf7
23.Bc4 b5 24.Bb3 b4 25.Re3 Ba6 26.Rf2 Bb5 27.Kg2 Rc8 28.Re1 Bc4 29.Rc1 Rfc7
30.Bxc4 Rxc4 31.Rxc4 Rxc4 32.Qd3 Rc1 33.f4 Nf5 34.fxe5 dxe5 35.d6 Rd1 36.Rd2 Rxd2+
37.Qxd2 Nd4 38.Qg5 Qxg5 39.Nxg5 Kf8 40.Nxh7+ Ke8 41.h4 a4 42.g4 a3 43.bxa3 bxa3
44.h5 gxh5 45.gxh5 Kd7 46.Nf8+ Kxd6 47.h6  1-0

[Event "Oberwart op"]
[Site "Oberwart"]
[Date "1994.??.??"]
[Round "3"]
[White "Van de Mortel, Jan"]
[Black "Cvitan, Ognjen"]
[Result "1-0"]
[WhiteElo "2205"]
[BlackElo "2585"]

1.d4 Nf6 2.Nf3 g6 3.c4 Bg7 4.Nc3 O-O 5.e4 d6 6.Be2 e5 7.O-O Nc6 8.d5 Ne7
9.Ne1 Nd7 10.Be3 f5 11.f3 f4 12.Bf2 g5 13.b4 Nf6 14.c5 Ng6 15.cxd6 cxd6 16.Rc1 Rf7
17.a4 Bf8 18.a5 Bd7 19.Kh1 Qe8 20.Nc2 h5 21.Na3 g4 22.Ncb5 Bxb5 23.Nxb5 g3
24.Bxa7 gxh2 25.Bf2 Rb8 26.Nc7 Qe7 27.Ne6 h4 28.Rc7 Qe8 29.Rxf7 Qxf7 30.Qc2 Nh5
31.Kxh2 Ng3 32.Rc1 h3 33.gxh3 Nh4 34.Rg1 Kh8 35.Bxg3 fxg3+ 36.Rxg3 Bh6 37.Rg4 Qf6
38.Qc7 Re8 39.Qd7 Rb8 40.Qxd6 Rc8 41.Qd7 Rb8 42.Qc7 Re8 43.Kg3 Ng6 44.Qxb7 Be3
45.a6 Nf4 46.Rh4+ Qxh4+ 47.Kxh4  1-0

[Event "Olot op"]
[Site "Olot"]
[Date "1994.??.??"]
[Round "?"]
[White "Oms Pallise, Josep"]
[Black "Rotstein, Arkadij"]
[Result "1/2-1/2"]
[WhiteElo "2375"]
[BlackElo "2505"]

1.Nf3 Nf6 2.c4 g6 3.Nc3 Bg7 4.e4 d6 5.d4 O-O 6.Be2 e5 7.O-O Nc6 8.d5 Ne7
9.Nd2 a5 10.Rb1 Nd7 11.a3 f5 12.b4 Kh8 13.f3 Ng8 14.Qc2 Ngf6 15.Bd3 f4 16.Nb5 b6
17.Bb2 g5 18.Be2 Re8 19.c5 bxc5 20.Nb3 a4 21.Na5 Nb8 22.Bc3 cxb4 23.Bxb4 Na6
24.Rfc1 Nc5 25.Bxc5 dxc5 26.Nc6 Qd7 27.Nba7 Bf8 28.Rb8 Rxb8 29.Nxb8 Qg7 30.Nxc8 Rxc8
31.Rb1 Bd6 32.Qxa4 g4 33.Nc6 gxf3 34.Bxf3 Ng4 35.Rb2 Ne3 36.Na5 Ra8 37.Qb5 Qf8
38.a4 Qf6 39.Nc4 Qh4 40.Nxe3 fxe3 41.Re2 Qf4 42.a5 c4 43.a6 c3 44.Rc2 Qf8
45.Kf1 Rb8 46.Qd3 Rb1+ 47.Ke2 Qb8 48.Qxc3 Qb5+ 49.Qc4 Qa5 50.Kxe3 Rb6 51.Be2 Qa3+
52.Rc3 Qa1 53.Rb3 Bc5+ 54.Kd3 Rxb3+ 55.Qxb3 Qxa6+ 56.Qc4 Qa3+ 57.Qc3 Qa6+
58.Qc4 Qa3+ 59.Qc3 Qa6+ 60.Qc4 Qa5 61.Qc3 Qb5+ 62.Kd2  1/2-1/2

[Event "Orange op"]
[Site "Orange"]
[Date "1994.??.??"]
[Round "3"]
[White "Touzane, Olivier"]
[Black "Barret, Simon"]
[Result "1-0"]
[WhiteElo "2320"]
[BlackElo "1950"]

1.d4 Nf6 2.c4 g6 3.Nc3 Bg7 4.e4 d6 5.Nf3 O-O 6.Be2 e5 7.O-O Nc6 8.d5 Ne7
9.Nd2 a5 10.a3 Nd7 11.Rb1 f5 12.b4 axb4 13.axb4 Kh8 14.Qc2 Ng8 15.Nb5 Ndf6
16.f3 f4 17.c5 Ne8 18.Bb2 c6 19.Nxd6 Nxd6 20.cxd6 cxd5 21.exd5 Qxd6 22.Qc5 Qd8
23.Nc4 Bf5 24.Rbd1 Rc8 25.Qb5 Bd7 26.Qxb7 Rb8 27.Qa7 Rxb4 28.Bxe5 Rf7 29.Qc5 Rb3
30.Nd6 Re7 31.Bxg7+ Rxg7 32.Bc4 Re3 33.Ne4 Nf6 34.Qd4 Nxe4 35.fxe4 Qg5 36.Kh1 h5
37.Rde1 Rxe1 38.Rxe1 Qh4 39.Rf1 Kh7 40.e5 Bg4 41.Qxf4 Qd8 42.e6  1-0

[Event "Orange op"]
[Site "Orange"]
[Date "1994.??.??"]
[Round "5"]
[White "Touzane, Olivier"]
[Black "Cordier, Francois"]
[Result "0-1"]
[WhiteElo "2320"]
[BlackElo "2030"]

1.d4 Nf6 2.c4 g6 3.Nc3 Bg7 4.e4 d6 5.Nf3 O-O 6.Be2 e5 7.O-O Nc6 8.d5 Ne7
9.Nd2 Nd7 10.b4 f5 11.c5 Nf6 12.f3 f4 13.Nc4 h5 14.a4 g5 15.Ba3 Ne8 16.b5 b6
17.cxb6 cxb6 18.a5 Rb8 19.axb6 axb6 20.Qb3 Ng6 21.Bb4 Rf7 22.Ra2 g4 23.Rfa1 g3
24.h3 Nh4 25.Qd1 Bf8 26.Ra8 Bxh3 27.Rxb8 Qxb8 28.gxh3 Qc8 29.Bf1 g2 30.Kf2 Rg7
31.Bd3 Qxh3 32.Nd2 g1=Q+ 33.Qxg1 Rg2+ 34.Qxg2+ Qxg2+ 35.Ke1 Nxf3+ 36.Nxf3 Qxf3
37.Be2 Qe3 38.Rb1 Qg3+ 39.Kd2 f3 40.Bd3 h4 41.Na4 h3 42.Kc3 h2 43.Nxb6 Qg1
44.Rxg1+ hxg1=Q 45.Na4 Qd4+  0-1

[Event "Orel2"]
[Site "Orel"]
[Date "1994.??.??"]
[Round "2"]
[White "Lunev, A."]
[Black "Iskusnyh, Sergei"]
[Result "1/2-1/2"]
[WhiteElo "2430"]
[BlackElo "2450"]

1.d4 Nf6 2.Nf3 g6 3.c4 Bg7 4.Nc3 O-O 5.e4 d6 6.Be2 e5 7.O-O Nc6 8.d5 Ne7
9.b4 a5 10.bxa5 c5 11.Nd2 Rxa5 12.a4 Nd7 13.Nb5 Ra6 14.Bb2 f5 15.exf5 gxf5
16.Ra3 Ng6 17.g3 Nf6 18.Qc2 Qe7 19.a5 Kh8 20.Re1 Qf7 21.Bd3 Ng4 22.f3 Nh6
23.Nf1 Qd7 24.Bc1 Qd8 25.Qe2 Nf7 26.Bd2 Ng5 27.Bxg5 Qxg5 28.Nc7 e4 29.Bb1 Ra7
30.Nb5 Ra6 31.Qd2 Qd8 32.f4 b6 33.axb6 Qxb6 34.Rb3 Qd8 35.Ne3 Qe7 36.Rf1 Bd7
37.Kg2 Ra1 38.Bc2 Ra2 39.Nc3 Raa8 40.Rfb1 Rg8 41.Kh1 Qf6 42.Bd1 Qd4 43.Qe1 Ra6
44.Ne2 Qf6 45.Rb7 Bc8 46.R7b6 Ra2 47.Bb3 Ra7 48.Bc2 Bd7 49.Nd1 Rga8 50.Rb8+ Nf8
51.Ndc3 Be8 52.g4 Qe7 53.Ng3 Qf6 54.Nce2 fxg4 55.Nxe4 Qe7 56.N2g3 Rxb8 57.Rxb8 Ra1
58.Rb1 Ra2 59.Bb3 Ra8 60.Nf5 Qd7 61.Nxg7 Qxg7 62.Nxd6 Bg6 63.f5 Ra6 64.Qg3 Ra1
65.Bc2 Rxb1+ 66.Bxb1 Bh5 67.Ne4 Nd7 68.Qc7 g3 69.Qd8+ Nf8 70.Qf6 Bf3+ 71.Kg1 Bxe4
72.Qxg7+ Kxg7 73.Bxe4 gxh2+ 74.Kxh2 Kf6 75.Kg3 Nd7 76.Kf4 Ne5 77.d6 Nxc4
78.d7 Ke7 79.Bc6 Nd6 80.f6+ Kd8 81.Ke5 Nf7+ 82.Ke6 Nh8 83.Kd5 Ng6 84.Kxc5 Nf8
85.Kd6 h5 86.Ba4 h4 87.Bc6 h3 88.Ba4 h2 89.Bc6 Nxd7 90.f7  1/2-1/2

[Event "Orel2"]
[Site "Orel"]
[Date "1994.??.??"]
[Round "2"]
[White "Solonar, Stephan"]
[Black "Kazhgaleyev, Murtas"]
[Result "1/2-1/2"]
[WhiteElo "2400"]
[BlackElo "2490"]

1.c4 Nf6 2.Nc3 g6 3.e4 d6 4.d4 Bg7 5.Be2 O-O 6.Nf3 Nc6 7.O-O e5 8.Re1 Qe8
9.Bf1 Bg4 10.d5 Nb4 11.Be2 a5 12.Be3 Nh5 13.a3 Na6 14.Rb1 Nf4 15.Bf1 h6 16.h3 Bc8
17.b4 g5 18.g4 h5 19.Nd2 hxg4 20.hxg4 Bf6 21.c5 Kg7 22.Nc4 Rh8 23.f3 Qg8
24.Qd2 Qh7 25.Bg2 Qh2+ 26.Kf1 Qg3 27.cxd6 axb4 28.axb4 Bxg4 29.Bxf4 gxf4
30.fxg4 Rh2 31.Qe2 Qxc3 32.Rec1 Qg3 33.dxc7 Rah8 34.Qf3 Rxg2 35.Qxg2 Qd3+
36.Kg1 Qd4+ 37.Kf1 Qd3+  1/2-1/2

[Event "Pardubice op2"]
[Site "Pardubice"]
[Date "1994.??.??"]
[Round "5"]
[White "Jedlicka"]
[Black "Judchits, D."]
[Result "1-0"]
[WhiteElo "2070"]
[BlackElo "1900"]

1.d4 Nf6 2.c4 g6 3.Nc3 Bg7 4.Nf3 O-O 5.e4 d6 6.Be2 e5 7.O-O Nc6 8.Be3 Ng4
9.Bg5 f6 10.Bh4 g5 11.Bg3 h5 12.d5 Ne7 13.Nd2 f5 14.h3 Nf6 15.Bxh5 g4 16.exf5 Nxh5
17.hxg4 Nxg3 18.fxg3 Bh6 19.Rf3 Nxf5 20.gxf5 Bxf5 21.Nde4 Kh8 22.g4 Bg6 23.Rxf8+ Bxf8
24.g5 Be7 25.Qg4 Qc8 26.Qh4+ Kg8 27.Rf1 Qd7 28.Qh6 Bxe4 29.Nxe4 Bd8 30.Rf8+  1-0

[Event "Peristeri"]
[Site "Peristeri"]
[Date "1994.??.??"]
[Round "5"]
[White "Chabanon, Jean Luc"]
[Black "Kotronias, Vasilios"]
[Result "0-1"]
[WhiteElo "2475"]
[BlackElo "2545"]

1.d4 Nf6 2.c4 g6 3.Nc3 Bg7 4.e4 d6 5.Be2 O-O 6.Nf3 e5 7.O-O Nc6 8.d5 Ne7
9.Nd2 a5 10.a3 Bd7 11.b3 Nc8 12.Rb1 Nb6 13.Qc2 Bh6 14.b4 axb4 15.axb4 Na4
16.Rb3 Nxc3 17.Rxc3 Ra4 18.b5 Qa8 19.Bd3 Ra2 20.Bb2 b6 21.Nb1 Ra7 22.Ra3 Rxa3
23.Nxa3 Nh5 24.g3 Qe8 25.Qe2 Bh3 26.Ra1 f5 27.f3 Nf6 28.exf5 gxf5 29.Re1 Qh5
30.Nc2 e4 31.fxe4 Bg4 32.Qf2 fxe4 33.Be2 Bxe2 34.Qxe2 Ng4 35.Bd4 Rf3 36.Qg2 Qg6
37.Qe2 Qh5 38.Qg2 Qf5 39.h3 Ne5 40.Bxe5 dxe5 41.Rf1 Bf8  0-1

[Event "PER-ch"]
[Site "Peru"]
[Date "1994.??.??"]
[Round "4"]
[White "Urday, Henry"]
[Black "Pesantes, Carlos"]
[Result "1-0"]
[WhiteElo "2470"]
[BlackElo "2280"]

1.d4 Nf6 2.Nf3 g6 3.c4 Bg7 4.Nc3 O-O 5.e4 d6 6.Be2 e5 7.O-O Nc6 8.d5 Ne7
9.Nd2 Ne8 10.b4 f5 11.c5 Nf6 12.f3 f4 13.Nc4 Rf7 14.a4 Bf8 15.b5 g5 16.b6 axb6
17.cxb6 c5 18.Nb5 Ne8 19.a5 Rg7 20.Qb3 Kh8 21.Bd2 Ng8 22.Na7 Ngf6 23.a6 bxa6
24.Na5 Bb7 25.N5c6 Qd7 26.Bxa6 Bxa6 27.Rxa6 Qb7 28.Qb5 Qd7 29.Rb1 g4 30.Qe2 gxf3
31.Qxf3 Qb7 32.Raa1 Nd7 33.Qf1 Nxb6 34.Ra6 Nf6 35.Rbxb6 Qf7 36.Qf3 Qg6 37.Ra4 c4
38.Rxc4 Raxa7 39.Nxa7 Rxa7 40.h3 Ra1+ 41.Kf2 Nh5 42.Rb8 Ng3 43.Bc1 Qf7 44.Ke1 Kg7
45.Qg4+ Kh6 46.Qe6+ Kg7 47.Qxf7+ Kxf7 48.Rc7+ Be7 49.Rbb7 Kf6 50.Rxe7 Rxc1+
51.Kd2 Rh1 52.Re6+ Kg5 53.Rg7+  1-0

[Event "PER-ch"]
[Site "Peru"]
[Date "1994.??.??"]
[Round "8"]
[White "Cruz, Filemon"]
[Black "Aguilar, Juan"]
[Result "1-0"]
[WhiteElo "2405"]
[BlackElo "2285"]

1.c4 Nf6 2.d4 g6 3.Nc3 Bg7 4.e4 d6 5.Nf3 O-O 6.Be2 e5 7.O-O Nc6 8.d5 Ne7
9.Nd2 a5 10.Rb1 Nd7 11.a3 f5 12.b4 axb4 13.axb4 Nf6 14.c5 h5 15.f3 f4 16.Nc4 g5
17.Nb5 Ne8 18.Bd2 Rf6 19.Be1 Bd7 20.Nc3 Rg6 21.g4 fxg3 22.hxg3 Kh7 23.Kg2 Rh6
24.Ra1 Rxa1 25.Qxa1 Ng6 26.Bd2 h4 27.g4 Nf4+ 28.Kf2 dxc5 29.bxc5 Ra6 30.Qb2 Qa8
31.Rb1 Bc8 32.Bf1 Rf6 33.Ra1 Ra6 34.Ra3 Nf6 35.Rxa6 bxa6 36.Ne3 Nd7 37.Na4 Bf8
38.c6 Nc5 39.Nxc5 Bxc5 40.Qxe5  1-0

[Event "PER-ch"]
[Site "Peru"]
[Date "1994.??.??"]
[Round "11"]
[White "Aguilar, Juan"]
[Black "Belli, Mario"]
[Result "0-1"]
[WhiteElo "2285"]
[BlackElo "2410"]

1.d4 Nf6 2.Nf3 g6 3.c4 Bg7 4.Nc3 O-O 5.e4 d6 6.Be2 e5 7.O-O Nc6 8.Be3 Ng4
9.Bg5 f6 10.Bc1 f5 11.Bg5 Bf6 12.Bxf6 Nxf6 13.dxe5 dxe5 14.Qxd8 Rxd8 15.exf5 Bxf5
16.Rfd1 e4 17.Nh4 Nd4 18.Bf1 Bg4 19.f3 exf3 20.gxf3 Nxf3+ 21.Nxf3 Bxf3 22.Rxd8+ Rxd8
23.Kf2 Bg4 24.Bg2 Rd2+ 25.Kg3 Rxb2 26.Nd5 Nh5+  0-1

[Event "Portoroz op"]
[Site "Portoroz"]
[Date "1994.??.??"]
[Round "?"]
[White "Cebalo, Miso"]
[Black "Florjancic, Rudolf"]
[Result "1-0"]
[WhiteElo "2520"]
[BlackElo "2165"]

1.d4 Nf6 2.Nf3 g6 3.c4 Bg7 4.Nc3 O-O 5.e4 d6 6.Be2 e5 7.O-O Nc6 8.Be3 Re8
9.dxe5 Nxe5 10.Qc2 Nxf3+ 11.Bxf3 Ng4 12.Bxg4 Bxg4 13.f3 Be6 14.b3 f5 15.exf5 Bxf5
16.Qd2 Qf6 17.Nd5 Qf7 18.Rad1 c6 19.Nc3 Re7 20.Bg5 Rd7 21.Rfe1 h5 22.h3 Be6
23.Ne4 c5 24.Be3 Rad8 25.Ng5 Qf5 26.Nxe6 Qxe6 27.Bg5 Bd4+ 28.Kf1 Qf5 29.Bxd8 Rxd8
30.Re4 Rf8 31.Rde1 d5 32.cxd5 Qxd5 33.Qd3 Qg5 34.Qc4+ Kh8 35.Re8 Qf6 36.Rxf8+ Qxf8
37.Qe6 Qf6 38.Qxf6+ Bxf6 39.Re8+ Kg7 40.Rb8 b6 41.Rb7+ Kh6 42.Rxa7 Bc3 43.h4 g5
44.Rb7 Ba5 45.a3  1-0

[Event "Portoroz op"]
[Site "Portoroz"]
[Date "1994.??.??"]
[Round "?"]
[White "Kozul, Zdenko"]
[Black "Bukic, Enver"]
[Result "0-1"]
[WhiteElo "2575"]
[BlackElo "2445"]

1.d4 Nf6 2.Nf3 d6 3.c4 g6 4.Nc3 Bg7 5.e4 O-O 6.Be2 e5 7.O-O Nc6 8.d5 Ne7
9.Ne1 Ne8 10.Be3 f5 11.f3 f4 12.Bf2 h5 13.c5 g5 14.a4 Rf6 15.cxd6 Nxd6 16.Nd3 Ng6
17.Nc5 Nf8 18.a5 a6 19.h3 Rg6 20.Rc1 Bf6 21.Rc2 g4 22.fxg4 hxg4 23.Bxg4 Bxg4
24.hxg4 Qe7 25.Qf3 Re8 26.Ne2 Qg7 27.Rfc1 Bd8 28.Kf1 Rxg4 29.Nd3 Qg6 30.g3 Nxe4
31.gxf4 Qf5 32.Ng1 exf4 33.Nh3 Ng3+ 34.Bxg3 Rxg3 35.Rg2 Qxh3 36.Nxf4 Qh1+
37.Kf2 Rxg2+ 38.Qxg2+ Qxg2+ 39.Kxg2 Bg5 40.Kf3 Bxf4 41.Kxf4 Re7 42.Rc3 Kf7
43.Rb3 Nd7 44.Rxb7 Nf6 45.Kf5 Nxd5 46.Rb8 Re2 47.Ra8 Rxb2 48.Rxa6 Re2 49.Rh6 Ke7
50.a6 Nb6 51.Rh7+ Kd6 52.Rh6+ Kc5 53.Rh1 Ra2 54.Ke6 Rxa6 55.Rc1+ Nc4+ 56.Kd7 c6  0-1

[Event "Portoroz op"]
[Site "Portoroz"]
[Date "1994.??.??"]
[Round "?"]
[White "Gostisa, Leon"]
[Black "Bukic, Enver"]
[Result "1/2-1/2"]
[WhiteElo "2410"]
[BlackElo "2445"]

1.d4 Nf6 2.Nf3 d6 3.c4 g6 4.Nc3 Bg7 5.e4 O-O 6.Be2 e5 7.O-O Nc6 8.d5 Ne7
9.b4 Nh5 10.c5 h6 11.Nd2 Nf4 12.Nc4 Nxe2+ 13.Qxe2 f5 14.f3 g5 15.Be3 Rf6
16.a4 f4 17.Bf2 Bd7 18.b5 Rg6 19.b6 axb6 20.cxd6 cxd6 21.Nxb6 Ra5 22.Rfb1 g4
23.Nxd7 Qxd7 24.fxg4 Rxg4 25.Rb3 Nc8 26.Rab1 b6 27.Bxb6 Nxb6 28.Rxb6 Rg6
29.Rc6 Ra8 30.Kh1 Kh8 31.Qh5 Rg5 32.Qf3 Bf8 33.Ra1 Qb7 34.Rb1 Qg7 35.Qh3 Be7
36.Rb7 Rg8 37.Rxd6 Bxd6 38.Rxg7 R8xg7 39.Qxh6+ Kg8 40.Qe6+ Kh7 41.Qh3+ Kg8
42.Nb5 R5g6 43.Qc8+ Kh7 44.Qf5 Kg8 45.Nxd6 Rxd6 46.Qxe5 Rb6 47.Qe8+ Kh7 48.Qh5+ Kg8
49.h3 Rb2 50.Qf3 Rg3 51.Qf1 f3 52.gxf3 Rb3 53.d6 Rbxf3 54.Qc4+ Kh7 55.Qc7+ Rg7
56.Qc8 Rf1+ 57.Kh2 Rf2+  1/2-1/2

[Event "Praha Mladi"]
[Site "Prague"]
[Date "1994.??.??"]
[Round "1"]
[White "Koerholz, Ludger"]
[Black "Jirovsky, Petr"]
[Result "1-0"]
[WhiteElo "2320"]
[BlackElo "2245"]

1.d4 Nf6 2.c4 g6 3.Nc3 Bg7 4.e4 d6 5.Nf3 O-O 6.Be2 e5 7.O-O Nc6 8.d5 Ne7
9.b4 Nd7 10.Be3 h6 11.Nd2 f5 12.f3 f4 13.Bf2 Nf6 14.c5 Bd7 15.Qb3 g5 16.c6 Bc8
17.cxb7 Bxb7 18.Rfc1 Ne8 19.a4 Kh8 20.a5 c6 21.dxc6 Nxc6 22.a6 Bc8 23.Nb5 Nd4
24.Nxd4 exd4 25.Qd3 Qb6 26.Nb3 Qxb4 27.Nxd4 Bd7 28.Rcb1 Qc5 29.Ne6 Qc8 30.Nxf8 Bxf8
31.Rc1 Qd8 32.Bd4+  1-0

[Event "Praha Mladi"]
[Site "Prague"]
[Date "1994.??.??"]
[Round "2"]
[White "Suran, Jan"]
[Black "Jirovsky, Petr"]
[Result "0-1"]
[WhiteElo "2145"]
[BlackElo "2245"]

1.d4 Nf6 2.c4 g6 3.Nc3 Bg7 4.e4 d6 5.Be2 O-O 6.Nf3 e5 7.O-O Nc6 8.d5 Ne7
9.b4 Nh5 10.g3 f5 11.Ng5 Nf6 12.f3 f4 13.Kg2 h6 14.Ne6 Bxe6 15.dxe6 Nc6 16.Nd5 Re8
17.Bb2 fxg3 18.b5 Nd4 19.Bxd4 exd4 20.e7 Qd7 21.hxg3 Nxd5 22.cxd5 d3 23.Bxd3 Bxa1
24.Qxa1 Rxe7 25.Rh1 h5 26.g4 Rh7 27.g5 Qe7 28.f4 Rf8 29.Rh4 Rhf7 30.Qc1 Rxf4
31.Rxf4 Qxg5+ 32.Kf3 Qg4+  0-1

[Event "Pula PCA op"]
[Site "Pula"]
[Date "1994.??.??"]
[Round "?"]
[White "Shneider, Aleksandr"]
[Black "Timoshenko, Georgy"]
[Result "1-0"]
[WhiteElo "2570"]
[BlackElo "2520"]

1.d4 Nf6 2.c4 g6 3.Nc3 Bg7 4.e4 d6 5.Be2 O-O 6.Nf3 e5 7.O-O Nc6 8.d5 Ne7
9.Nd2 a5 10.a3 Nd7 11.Rb1 f5 12.b4 Kh8 13.Qc2 Ng8 14.exf5 gxf5 15.f4 Ndf6
16.Nf3 exf4 17.Bxf4 Ne4 18.Nxe4 fxe4 19.Nd2 Nf6 20.Be3 axb4 21.axb4 Qe7 22.Bd4 e3
23.Nb3 Bd7 24.Qc3 Rae8 25.Rf4 Ng8 26.Rbf1 Rxf4 27.Rxf4 Nh6 28.Re4 Qxe4 29.Bxg7+ Kg8
30.Bxh6 Re5 31.Nc1 Bg4 32.Bd3  1-0

[Event "CRO-Cup"]
[Site "Pula"]
[Date "1994.??.??"]
[Round "1"]
[White "Sulava, Nenad"]
[Black "Muhvic, Damir"]
[Result "1-0"]
[WhiteElo "2410"]
[BlackElo "2240"]

1.d4 Nf6 2.c4 g6 3.Nc3 Bg7 4.e4 d6 5.Nf3 O-O 6.Be2 e5 7.O-O Nc6 8.d5 Ne7
9.Ne1 Nd7 10.Be3 f5 11.f3 Nf6 12.c5 f4 13.Bf2 g5 14.cxd6 cxd6 15.a4 Rf7 16.a5 Ng6
17.Nb5 g4 18.fxg4 Nxe4 19.Bxa7 Bd7 20.Bb6 Qe7 21.Rc1 Ng5 22.Rc7 e4 23.Nd4 Qe5
24.Nf5 Bxf5 25.Rxf7 Kxf7 26.gxf5 Qxf5 27.Nc2 Kg8 28.Ne3 Qf6 29.b4 Rf8 30.Kh1 f3
31.gxf3 exf3 32.Bd3 Nh4 33.b5 Qf4 34.Nc4 Re8 35.Be3 Qf6 36.a6 bxa6 37.bxa6 Nh3
38.a7 Ra8 39.Qb1 f2 40.Be4 Re8 41.Qb8 Qf8 42.Qxd6 Qf7 43.Qe6 Bf8 44.Qxf7+ Kxf7
45.d6  1-0

[Event "CRO-Cup"]
[Site "Pula"]
[Date "1994.??.??"]
[Round "1"]
[White "Cebalo, Miso"]
[Black "Orak, Ljubomir"]
[Result "1-0"]
[WhiteElo "2520"]
[BlackElo "2355"]

1.d4 Nf6 2.Nf3 g6 3.c4 Bg7 4.Nc3 O-O 5.e4 d6 6.Be2 e5 7.O-O Nc6 8.Be3 Ng4
9.Bg5 f6 10.Bc1 Nh6 11.dxe5 dxe5 12.Qd5+ Nf7 13.Be3 Ne7 14.Qc5 c6 15.Rfd1 Qe8
16.a4 f5 17.a5 f4 18.Bd2 g5 19.h3 g4 20.hxg4 Bxg4 21.Be1 Ng6 22.Rd3 Bf6 23.Qb4 Rb8
24.Rad1 Be7 25.Qa4 Rd8 26.Qb3 Rxd3 27.Rxd3 Qc8 28.Kf1 Rd8 29.Na4 Rxd3 30.Qxd3 Qd7
31.Qxd7 Bxd7 32.c5 Be6 33.b4 Nf8 34.a6 bxa6 35.Bxa6 Nd7 36.Bc3 Kg7 37.Nb2 Kf6
38.Nd3 Bg4 39.Nxf4 Bxc5 40.bxc5 Nxc5 41.Bd3 Bxf3 42.gxf3 Kg5 43.Bb4  1-0

[Event "CRO-Cup"]
[Site "Pula"]
[Date "1994.??.??"]
[Round "5"]
[White "Cebalo, Miso"]
[Black "Fercec, Nenad"]
[Result "1/2-1/2"]
[WhiteElo "2520"]
[BlackElo "2385"]

1.Nf3 Nf6 2.c4 g6 3.Nc3 Bg7 4.e4 d6 5.d4 O-O 6.Be2 e5 7.O-O Nc6 8.Be3 Ng4
9.Bg5 f6 10.Bc1 h5 11.h3 Nh6 12.dxe5 dxe5 13.Qd5+ Kh7 14.Be3 Qe8 15.Rad1 Be6
16.Qb5 Rb8 17.c5 a6 18.Qa4 Nf7 19.Bc4 Bd7 20.Qc2 Nfd8 21.Nd5 Ne6 22.Rd2 g5
23.Qd1 Rd8 24.b4 Bc8 25.a4 Bh6 26.b5 axb5 27.axb5 Ne7 28.b6 c6 29.Nc7 Nxc7
30.bxc7 Rxd2 31.Qxd2 Ng6 32.Rd1 Qe7 33.Qd8 Re8 34.Rd6 Kg7 35.h4 gxh4 36.Bxh6+ Kxh6
37.Nxh4 Nxh4 38.Rxf6+ Ng6 39.Qd2+ Kg7 40.Rf7+ Qxf7 41.Bxf7 Kxf7 42.g3 h4
43.Qd8 hxg3 44.fxg3 Nf8 45.Qh4 Ng6 46.Qd8 Ne7 47.Qd1 Ng6 48.Qd8  1/2-1/2

[Event "Reggio Emilia9495"]
[Site "Reggio Emilia"]
[Date "1994.??.??"]
[Round "9"]
[White "Chernin, Alexander"]
[Black "Belotti, Bruno"]
[Result "1/2-1/2"]
[WhiteElo "2615"]
[BlackElo "2455"]

1.d4 Nf6 2.Nf3 g6 3.c4 Bg7 4.Nc3 d6 5.e4 O-O 6.Be2 e5 7.O-O Nc6 8.d5 Ne7
9.Nd2 c5 10.Rb1 Ne8 11.b4 b6 12.bxc5 bxc5 13.Nb3 Kh8 14.Bg5 f6 15.Bd2 f5
16.f3 f4 17.Nb5 h5 18.Ba5 Qd7 19.Nc1 Ng8 20.Qa4 Rf7 21.Nd3 g5 22.Nf2 Nh6
23.h3 Bf6 24.Rb2 Rg7 25.Rfb1 g4 26.fxg4 Bh4 27.g5 Rxg5 28.Bf3 Nf6 29.Kf1 Bxf2
30.Rxf2 Nhg4 31.hxg4 hxg4 32.Ke2 Rb8 33.Rb3 Ba6 34.Bd8 Rxd8 35.Qxa6 gxf3+
36.gxf3 Rg1 37.Qxa7 Qxa7 38.Nxa7 Ra8 39.Rb7 Rg7 40.Rxg7 Kxg7 41.Nb5 Rxa2+
42.Kf1 Rxf2+ 43.Kxf2 Ne8 44.Na7 Kf6 45.Nc8 Kg5 46.Kg2 Kh5 47.Kh2 Kg5 48.Kh3 Kh5
49.Ne7 Ng7 50.Nc6 Kg5 51.Nd8 Kh5 52.Kg2 Kg6 53.Kh2 Ne8 54.Ne6 Kh6 55.Kg2 Kg6  1/2-1/2